LEADER 03058nam 2200637Ia 450 001 9911020434003321 005 20200520144314.0 010 $a9786613025760 010 $a9781118002063 010 $a1118002067 010 $a9781283025768 010 $a1283025760 010 $a9780470946428 010 $a0470946423 010 $a9780470946411 010 $a0470946415 035 $a(CKB)2560000000060921 035 $a(EBL)661565 035 $a(OCoLC)705354486 035 $a(SSID)ssj0000482383 035 $a(PQKBManifestationID)11323401 035 $a(PQKBTitleCode)TC0000482383 035 $a(PQKBWorkID)10525342 035 $a(PQKB)11124444 035 $a(MiAaPQ)EBC661565 035 $a(Perlego)1010609 035 $a(EXLCZ)992560000000060921 100 $a20100824d2011 uy 0 101 0 $aeng 135 $aur|n|---||||| 181 $ctxt 182 $cc 183 $acr 200 10$aStatistics for compensation $ea practical guide to compensation analysis /$fJohn H. Davis 210 $aHoboken, NJ $cWiley$dc2011 215 $a1 online resource (455 p.) 300 $aDescription based upon print version of record. 311 08$a9780470943342 311 08$a0470943343 320 $aIncludes bibliographical references and index. 327 $aStatistics for Compensation: A Practical Guide to Compensation Analysis; Contents; Preface; 1 Introduction; 2 Basic Notions; 3 Frequency Distributions and Histograms; 4 Measures of Location; 5 Measures of Variability; 6 Model Building; 7 Linear Model; 8 Exponential Model; 9 Maturity Curve Model; 10 Power Model; 11 Market Models and Salary Survey Analysis; 12 Integrated Market Model: Linear; 13 Integrated Market Model: Exponential; 14 Integrated Market Model: Maturity Curve; 15 Job Pricing Market Model: Group of Jobs; 16 Job Pricing Market Model: Power Model; 17 Multiple Linear Regression 327 $aAppendixGlossary; References; Answers to Practice Problems; Index 330 $aAn insightful, hands-on focus on the statistical methods used by compensation and human resources professionals in their everyday work Across various industries, compensation professionals work to organize and analyze aspects of employment that deal with elements of pay, such as deciding base salary, bonus, and commission provided by an employer to its employees for work performed. Acknowledging the numerous quantitative analyses of data that are a part of this everyday work, Statistics for Compensation provides a comprehensive guide to the key statistical tools and techniques nee 606 $aCompensation management$xStatistical methods 606 $aExecutives$xSalaries, etc 615 0$aCompensation management$xStatistical methods. 615 0$aExecutives$xSalaries, etc. 676 $a658.3/2015195 700 $aDavis$b John H.$cPh.D.$0204476 801 0$bMiAaPQ 801 1$bMiAaPQ 801 2$bMiAaPQ 906 $aBOOK 912 $a9911020434003321 996 $aStatistics for compensation$94421636 997 $aUNINA LEADER 05104nam2 2200637 i 450 001 PUV0245544 005 20251003044311.0 020 $aIT$b68-15472 100 $a20040513d1968 ||||0itac50 ba 101 | $aita 102 $ait 181 1$6z01$ai $bxxxe 182 1$6z01$an 183 1$6z01$anc$2RDAcarrier 200 1 $aˆ3: La ‰Controriforma e la rivoluzione dei prezzi (1559-1610)$fa cura di Richard Bruce Wernham 210 $aMilano$cGarzanti$d1968 215 $aXIX, 786 p., [32] c. di tav.$cill.$d25 cm. 461 1$1001PUV0044532$12001 $aStoria del mondo moderno$v3 464 1$1001CSA0126634$12001 $aIntroduzione$f R.B. Wernham.$1700 1$aWernham$b, Richard Bruce$3RAVV031879$4070 464 1$1001CSA0126635$12001 $aˆL'‰economia dell'Europa dal 1559 al 1609$fF.C. Spooner.$1700 1$aSpooner$b, Frank C.$3SBLV274011$4070 464 1$1001CSA0126637$12001 $aˆIl ‰protestantesimo e le lotte confessionali$el'evoluzione e la diffusione del calvinismo$fT.M. Parker.$1700 1$aParker$b, T.M.$3CSAV038669$4070 464 1$1001CSA0126640$12001 $aˆIl ‰protestantesimo e le lotte confessionali$eil luteranesimo dopo Lutero$fT.M. Parker.$1700 1$aParker$b, T.M.$3CSAV038669$4070 464 1$1001CSA0126663$12001 $aˆL'‰impero ottomano$e1566-1617$fV.J. Parry.$1700 1$aParry$b, Vernon J.$3TO0V083695$4070 464 1$1001CSA0126665$12001 $aˆL'‰espansione coloniale$el'America$fJ.H. Parry.$1700 1$aParry$b, John Horace$3CFIV041146$4070 464 1$1001CSA0126669$12001 $aˆLe ‰strutture sociali, amministrative e politiche dell'Europa occidentale$fJ. Hurstfield.$1700 1$aHurstfield$b, Joel$3SBLV276845$4070 464 1$1001CSA0126715$12001 $aCultura e scuola$fR.R. Bolgar.$1700 1$aBolgar$b, Robert Ralph$3MILV012320$4070 464 1$1001CSA0126717$12001 $aˆIl ‰papato, la riforma cattolica e le missioni$fT.M. Parker.$1700 1$aParker$b, T.M.$3CSAV038669$4070 464 1$1001CSA0126719$12001 $aEserciti, flotte e arte della guerra$fJ.R. Hale.$1700 1$aHale$b, John Rigby$3CFIV066323$4070 464 1$1001CSA0126722$12001 $aˆL'‰Inghilterra elisabettiana$fR.B. Wernham.$1700 1$aWernham$b, Richard Bruce$3RAVV031879$4070 464 1$1001CSA0126740$12001 $aDiplomazia e diritto internazionale$fG. Mattingly.$1700 1$aMattingly$b, Garrett$3MILV001575$4070 464 1$1001CSA0126741$12001 $aˆLa ‰Svezia e il Baltico$fI. Andersson.$1700 1$aAndersson$b, Ingvar$3SBLV008775$4070 464 1$1001CSA0126742$12001 $aˆGli ‰Asburgo d'Austria e l'impero$fG.D. Ramsay.$1700 1$aRamsay$b, G. D.$3CAMV003645$4070 464 1$1001CSA0126743$12001 $aˆLa ‰Polonia e la Lituania$fP. Skwarczy?ski.$1700 1$aSkwarczy?ski$b, P.$3CSAV038677$4070 464 1$1001CSA0126745$12001 $aˆLa ‰scienza$fM.B. Hall.$1700 1$aHall$b, M.B.$3CSAV038682$4070 464 1$1001CSA0126750$12001 $aˆL'‰espansione coloniale$eL'Asia e l'Africa$fJ.B. Harrison.$1700 1$aHarrison$b, J.B.$3CSAV038683$4070 500 11$aˆThe ‰counter-reformation and price revolution.$3IEI0003670$9650436 606 $aStoria moderna e contemporanea$2FIR$3CFIC007282$9E 676 $a909.08$9STORIA MODERNA, 1450/1500-$v12 676 $a909.08$9STORIA MODERNA, 1450/1500-$v20 676 $a909.08$9STORIA MONDIALE. STORIA MODERNA, 1450/1500-$v21 676 $a909.5$9STORIA MONDIALE. 1500-1599$v21 676 $a940.23$9STORIA GENERALE D'EUROPA. Periodo della riforma protestamte, 1517-1648.$v22 676 $a940.232$9STORIA GENERALE DELL'EUROPA. 1517-1618$v22 696 $aStoria moderna$aStoria contemporanea 699 $aStoria moderna e contemporanea$xStoria moderna$xStoria contemporanea 702 1$aWernham$b, Richard Bruce$3RAVV031879 801 3$aIT$bIT-000000$c20040513 850 $aIT-BN0095 $aIT-NA0602 $aIT-NA0622 $aIT-SA0060 $aIT-BN0083 $aIT-NA0243 $aIT-NA0537 $aIT-AV0175 $aIT-SA0255 $aIT-AV0001 $aIT-AV0003 $aIT-AV0007 $aIT-NA0079 $aIT-SA0199 $aIT-NA0120 $aIT-SA0111 $aIT-CE0127 $aIT-CE0066 $aIT-NA0228 $aIT-NA0189 $aIT-NA0666 $aIT-NA0256 $aIT-BN0052 $aIT-NA0701 $aIT-AV0045 $aIT-BN0015 $aIT-NA0695 $aIT-NA0580 $aIT-NA0312 $aIT-NA0313 $aIT-NA0839 901 $bNAP SC$c55 $n$ 912 $aPUV0245544 950 2$aBiblioteca Centralizzata di Ateneo$cv. 1-12$d 01STORICA 7 STODMM$e 01S 0090010765 VMA (0003 v. 3$fB $h20250320$i20250320 950 2$aCentro Librario e Bibliotecario per la Diffusione della cultura$c12 v.$d 67SALA A A XI 8.1$e 67 0000045525 VMA (3 v. 3$fC $h20140226$i20140226 967 $n17 977 $a 01$a 07$a 21$a 27$a 32$a 67$a 68$a 90$a 99$a AL$a AR$a AV$a BN$a CO$a CR$a CS$a CT$a CV$a DO$a DP$a GV$a ID$a MG$a MP$a MV$a PB$a PG$a PS$a SC$a SE$a VR 996 $aCOUNTER REFORMATION and Price Revolution$9650436 997 $aUNISANNIO